000 00286nam a22001337a 4500
008 171021b xxu||||| |||| 00| 0 eng d
020 _a076783004955
041 _aeng
080 _a658
100 _a54
101 _aLID
245 _aTAO OF LEADERSHIP
_cHEIDER, J
942 _2udc
_cBK
999 _c35318
_d35318